<?xml version="1.0" encoding="UTF-8"?>
<collection xmlns="http://www.loc.gov/MARC21/slim">
 <record>
  <leader>00435pamaa2200157   4500</leader>
  <controlfield tag="001">0000040415</controlfield>
  <controlfield tag="005">20060330090000.0</controlfield>
  <datafield tag="020" ind1="0" ind2="0">
   <subfield code="a">9831041704 (pbk) </subfield>
  </datafield>
  <datafield tag="082" ind1=" " ind2=" ">
   <subfield code="a">616.076 OUR</subfield>
  </datafield>
  <datafield tag="090" ind1="0" ind2="0">
   <subfield code="a">QR181.7 </subfield>
   <subfield code="b">OUR</subfield>
  </datafield>
  <datafield tag="245" ind1="1" ind2="0">
   <subfield code="a">OUR immune system : </subfield>
   <subfield code="b">the best protection against illness  </subfield>
   <subfield code="c">CAP.</subfield>
  </datafield>
  <datafield tag="260" ind1="0" ind2="0">
   <subfield code="a">Pulau Pinang: </subfield>
   <subfield code="b">CAP, </subfield>
   <subfield code="c">[2003?].</subfield>
  </datafield>
  <datafield tag="300" ind1=" " ind2=" ">
   <subfield code="a">70p.: </subfield>
   <subfield code="b">ill.; </subfield>
   <subfield code="c">19 cm.</subfield>
  </datafield>
  <datafield tag="440" ind1="0" ind2="0">
   <subfield code="a">CAP</subfield>
  </datafield>
  <datafield tag="650" ind1="0" ind2="0">
   <subfield code="a">Immunity </subfield>
  </datafield>
  <datafield tag="710" ind1="1" ind2="1">
   <subfield code="a">Consumers' Association of Penang </subfield>
  </datafield>
 </record>
</collection>
